000 00772cam a22002411a 4500
999 _c331126
_d331126
001 6235936
003 NUST
005 20170915111212.0
008 941025s1975 pk 000 1 urdo
010 _a 77938638
020 _a9789693522006
035 _a(OCoLC)31355075
040 _aDLC
_cWaU
_dDLC
042 _apremarc
050 0 0 _aPK2200.H357
_bR3
082 _a891.4393
_bMAN
100 1 _aManṭo, Saʻādat Ḥasan,
_d1912-1955.
_91443
245 1 0 _aMaai Janatay /
_cSaʻādat Ḥasan Manṭo.
260 _aLāhore :
_bẒafar Brādarz ; Taqsīm kār, Intik̲h̲āb-i Adab,
_c2009
300 _a190 p. ;
_c18 cm.
500 _aIn Urdu.
500 _aShort stories.
546 _aIn Urdu
650 _aUrdu Literature- Short Stories
_94607
880 _6100-01\(3\r
_aسعادت حسن منٹو
880 _6245-02\(3\r
_aمائی جنتے
_cسعادت حسن منٹو
880 _6260-03\(3\r
_aلاہور:
_bسنگ میل پبلی کیشنز،
_c2009
906 _a7
_bcbc
_coclcrpl
_du
_encip
_f19
_gy-gencatlg
942 _2ddc
_cBK